[Event "GX Alekhine Open de Verão semi-rápidas 2023"]
[Site "Lisboa, Portugal"]
[Date "????.??.??"]
[Round "3.2"]
[White "Bravo, Ricardo Antonio Rodrigues Guerreiro Piçarra"]
[Black "Rodrigues, Ricardo Esteves"]
[Result "0-1"]
[WhiteElo "1404"]
[BlackElo "1539"]
[PlyCount "103"]

{[%evp 0,103,22,22,22,4,15,-5,54,25,94,40,62,64,62,47,92,75,84,27,39,37,47,41,46,16,9,14,38,36,44,23,23,-23,37,22,16,19,20,15,23,12,14,14,20,17,19,-15,-27,-31,-27,-36,-29,-48,10,-40,47,47,36,35,367,386,388,21,53,51,67,43,40,54,54,0,-5,0,46,30,30,50,127,121,128,131,149,123,182,42,134,81,79,73,51,51,51,51,55,0,0,0,0,0,68,4,2,0,0,0]} 1. d4 {[%emt 0:00:03]} d5 {[%emt 0:00:02]} 2. c4 {[%emt 0:00:03]} Nc6 {[%emt 0:00:01]} 3. Nc3 {[%emt 0:00:31]} dxc4 {[%emt 0:00:02]} 4. e3 {[%emt 0:00:21]} Bf5 {[%emt 0:02:33]} 5. Bxc4 {[%emt 0:01:26]} e6 {[%emt 0:00:11]} 6. Nge2 {[%emt 0:01:50]} Nf6 {[%emt 0:00:08]} 7. O-O {[%emt 0:01:07]} Bb4 {[%emt 0:00:34]} 8. a3 {[%emt 0:00:19]} Bxc3 {[%emt 0:00:03]} 9. Nxc3 {[%emt 0:00:15]} O-O {[%emt 0:00:11]} 10. b4 {[%emt 0:00:41]} Ne7 {[%emt 0:00:58]} 11. Bb2 {[%emt 0:00:47]} Ned5 {[%emt 0:00:56]} 12. Bd3 {[%emt 0:04:49]} Nxc3 {[%emt 0:03:07]} 13. Bxc3 {[%emt 0:00:04]} Bxd3 {[%emt 0:00:33]} 14. Qxd3 {[%emt 0:00:02]} Qd5 {[%emt 0:00:29]} 15. Bb2 {[%emt 0:01:14]} c6 {[%emt 0:00:19]} 16. Rac1 {[%emt 0:01:45]} Qe4 {[%emt 0:01:28]} 17. Rfd1 Qxd3 {[%emt 0:00:08]} 18. Rxd3 {[%emt 0:00:04]} a5 {[%emt 0:00:35]} 19. bxa5 {[%emt 0:01:11]} Rxa5 {[%emt 0:00:18]} 20. Rb3 {[%emt 0:00:03]} Ra7 {[%emt 0:01:14]} 21. Kf1 {[%emt 0:01:14]} Rfa8 {[%emt 0:00:32]} 22. Ke2 {[%emt 0:00:40]} Ne4 {[%emt 0:01:45]} 23. f3 {[%emt 0:01:00]} Nd6 {[%emt 0:00:06]} 24. Rcc3 {[%emt 0:01:03]} Nb5 {[%emt 0:04:16]} 25. Rd3 {[%emt 0:00:03]} Ra4 {[%emt 0:00:40]} 26. e4 {[%emt 0:01:52]} Rc4 {[%emt 0:03:06]} 27. Kd2 {[%emt 0:01:35]} Rd8 {[%emt 0:03:55]} 28. d5 {[%emt 0:00:27]} exd5 {[%emt 0:01:01]} 29. exd5 {[%emt 0:00:04]} h6 {[%emt 0:01:13]} 30. dxc6 {[%emt 0:00:45]} Rxd3+ {[%emt 0:00:02]} 31. Rxd3 {[%emt 0:00:55]} bxc6 {[%emt 0:00:13]} 32. Rd8+ {[%emt 0:00:41]} Kh7 {[%emt 0:00:02]} 33. Rd7 {[%emt 0:00:14]} Kg6 {[%emt 0:00:06]} 34. Kd3 {[%emt 0:01:05]} Ra4 {[%emt 0:00:15]} 35. g3 {[%emt 0:00:40]} Nxa3 {[%emt 0:00:22]} 36. Rd6+ {[%emt 0:00:16]} Kh7 {[%emt 0:01:16]} 37. Rxc6 {[%emt 0:00:08]} Nb5 {[%emt 0:00:18]} 38. Rb6 {[%emt 0:01:06]} Nc7 {[%emt 0:00:15]} 39. Rb7 {[%emt 0:00:24]} Ra2 {[%emt 0:00:06]} 40. Kc2 {[%emt 0:00:25]} Nd5 {[%emt 0:00:14]} 41. Kb3 {[%emt 0:00:10]} Ra5 {[%emt 0:00:08]} 42. Kc4 {[%emt 0:00:30]} Nf6 {[%emt 0:00:12]} 43. Bxf6 {[%emt 0:00:07]} gxf6 {[%emt 0:00:06]} 44. Rxf7+ {[%emt 0:00:02]} Kg6 {[%emt 0:00:01]} 45. Rb7 {[%emt 0:00:16]} Ra2 {[%emt 0:00:03]} 46. h4 {[%emt 0:00:12]} h5 {[%emt 0:00:28]} 47. Rb3 {[%emt 0:00:25]} Rg2 {[%emt 0:00:06]} 48. f4 {[%emt 0:00:02]} Kf5 {[%emt 0:00:05]} 49. Kd5 {[%emt 0:00:20]} Kg4 {[%emt 0:00:14]} 50. Ke6 {[%emt 0:00:03]} Rxg3 {[%emt 0:00:13]} 51. Rxg3+ {[%emt 0:00:01]} Kxg3 {[%emt 0:00:01]} 52. f5 {[%emt 0:00:05]} 0-1

[Event "GX Alekhine Open de Verão semi-rápidas 2023"]
[Site "Lisboa, Portugal"]
[Date "????.??.??"]
[Round "4.2"]
[White "Ferreira, Vasco Capitao Mendes"]
[Black "Vedor, Bernardo Marques"]
[Result "0-1"]
[WhiteElo "1327"]
[BlackElo "1513"]
[PlyCount "136"]

{[%evp 0,108,22,14,14,22,14,9,17,-13,7,11,18,-2,-2,0,16,-16,-11,-16,10,1,22,2,40,36,52,19,44,17,11,-12,-15,-27,-13,-30,-13,-51,-51,-52,-52,-61,-70,-114,-118,-174,-185,-165,-144,-144,-165,-184,-146,-130,-145,-141,-168,-291,-271,-300,-309,-309,-282,-332,-338,-375,-366,-453,-403,-440,-549,-533,-577,-598,-361,-359,-294,-299,-310,-309,-305,-315,-315,-326,-326,-338,-341,-344,-344,-358,-358,-380,-384,-386,-391,-406,-410,-438,-456,-464,-424,-451,-485,-492,-506,-523,-520,-526,-520,-560,-596]} 1. e4 e5 {[%emt 0:00:18]} 2. Nf3 {[%emt 0:00:02]} Nc6 {[%emt 0:00:02]} 3. Bb5 {[%emt 0:00:04]} a6 {[%emt 0:00:06]} 4. Ba4 {[%emt 0:00:02]} Nf6 {[%emt 0:00:12]} 5. O-O {[%emt 0:00:03]} Be7 {[%emt 0:00:05]} 6. Re1 {[%emt 0:00:02]} b5 {[%emt 0:00:13]} 7. Bb3 {[%emt 0:00:02]} d6 {[%emt 0:00:04]} 8. c3 {[%emt 0:00:03]} O-O {[%emt 0:00:10]} 9. h3 {[%emt 0:00:05]} Nb8 {[%emt 0:00:43]} 10. d3 {[%emt 0:01:02]} h6 {[%emt 0:01:54]} 11. Nbd2 {[%emt 0:00:07]} Re8 {[%emt 0:00:23]} 12. Nf1 {[%emt 0:00:16]} Bf8 {[%emt 0:00:48]} 13. Bd2 {[%emt 0:01:09]} Be6 {[%emt 0:00:44]} 14. Bc2 {[%emt 0:01:03]} c5 {[%emt 0:00:13]} 15. Qc1 {[%emt 0:01:06]} Nc6 {[%emt 0:00:39]} 16. Ng3 {[%emt 0:00:33]} d5 {[%emt 0:02:06]} 17. exd5 {[%emt 0:03:45]} Qxd5 {[%emt 0:00:36]} 18. Ne4 {[%emt 0:01:14]} Nxe4 {[%emt 0:00:23]} 19. dxe4 {[%emt 0:00:27]} Qd8 {[%emt 0:01:55]} 20. Rd1 {[%emt 0:02:10]} Qf6 {[%emt 0:00:12]} 21. a4 {[%emt 0:00:48]} Bxh3 {[%emt 0:02:46]} 22. gxh3 {[%emt 0:07:32]} Qxf3 {[%emt 0:00:03]} 23. Re1 {[%emt 0:00:02]} Qxh3 {[%emt 0:01:31]} 24. Re3 {[%emt 0:00:03]} Qh4 {[%emt 0:00:34]} 25. Kg2 {[%emt 0:01:08]} b4 {[%emt 0:01:27]} 26. Rh3 {[%emt 0:00:35]} Qf6 {[%emt 0:00:22]} 27. Rf3 {[%emt 0:00:52]} Qe6 {[%emt 0:01:24]} 28. Qd1 {[%emt 0:00:53]} c4 {[%emt 0:00:29]} 29. cxb4 {[%emt 0:01:31]} Bxb4 {[%emt 0:01:16]} 30. Bxb4 {[%emt 0:01:41]} Nxb4 {[%emt 0:00:05]} 31. Rc1 {[%emt 0:01:00]} Rad8 {[%emt 0:01:15]} 32. Qe2 {[%emt 0:00:08]} Rd4 {[%emt 0:00:30]} 33. Bb1 {[%emt 0:00:51]} Red8 {[%emt 0:00:22]} 34. Qe1 {[%emt 0:00:13]} Nd3 {[%emt 0:01:29]} 35. Bxd3 {[%emt 0:00:02]} cxd3 {[%emt 0:00:12]} 36. Rd1 {[%emt 0:00:24]} Qg4+ {[%emt 0:01:05]} 37. Rg3 {[%emt 0:00:03]} Qxe4+ {[%emt 0:00:04]} 38. Qxe4 {[%emt 0:00:02]} Rxe4 {[%emt 0:00:02]} 39. Rgxd3 {[%emt 0:00:02]} Rxd3 {[%emt 0:00:11]} 40. Rxd3 {[%emt 0:00:01]} Rxa4 {[%emt 0:00:11]} 41. Rd8+ {[%emt 0:00:14]} Kh7 {[%emt 0:00:07]} 42. Re8 {[%emt 0:00:04]} f6 {[%emt 0:00:07]} 43. Rb8 {[%emt 0:00:04]} Kg6 {[%emt 0:00:13]} 44. b3 {[%emt 0:00:06]} Ra3 {[%emt 0:00:11]} 45. Rb6 {[%emt 0:00:11]} Kf5 {[%emt 0:00:22]} 46. Rb4 {[%emt 0:00:05]} g5 {[%emt 0:00:08]} 47. Kf1 {[%emt 0:00:18]} h5 {[%emt 0:00:08]} 48. Kg2 {[%emt 0:00:17]} h4 {[%emt 0:00:23]} 49. Rb8 {[%emt 0:00:18]} Ra5 {[%emt 0:00:06]} 50. b4 {[%emt 0:00:10]} Rb5 {[%emt 0:00:16]} 51. Ra8 {[%emt 0:00:08]} Rxb4 {[%emt 0:00:03]} 52. Rxa6 {[%emt 0:00:02]} e4 {[%emt 0:00:11]} 53. Kh2 {[%emt 0:00:20]} Rb3 {[%emt 0:00:13]} 54. Ra5+ {[%emt 0:00:20]} Kg4 {[%emt 0:00:07]} 55. Ra6 {[%emt 0:00:18]} f5 {[%emt 0:00:07]} 56. Rg6 {[%emt 0:00:11]} f4 {[%emt 0:00:08]} 57. Kg2 {[%emt 0:00:08]} Rb2 {[%emt 0:00:08]} 58. Rh6 {[%emt 0:00:16]} e3 {[%emt 0:00:36]} 59. Re6 {[%emt 0:00:18]} Rxf2+ {[%emt 0:00:10]} 60. Kg1 {[%emt 0:00:01]} Ra2 {[%emt 0:00:14]} 61. Rc6 {[%emt 0:00:20]} Ra1+ {[%emt 0:00:21]} 62. Kg2 {[%emt 0:00:02]} f3+ {[%emt 0:00:20]} 63. Kh2 {[%emt 0:00:13]} Ra2+ {[%emt 0:00:06]} 64. Kh1 {[%emt 0:00:18]} Kg3 {[%emt 0:00:24]} 65. Rc1 {[%emt 0:00:03]} Rh2+ {[%emt 0:00:12]} 66. Kg1 {[%emt 0:00:02]} f2+ {[%emt 0:00:07]} 67. Kf1 {[%emt 0:00:08]} Kf3 {[%emt 0:00:16]} 68. Re1 {[%emt 0:00:21]} Rh1# {[%emt 0:00:04]} 0-1

[Event "GX Alekhine Open de Verão semi-rápidas 2023"]
[Site "Lisboa, Portugal"]
[Date "????.??.??"]
[Round "4.3"]
[White "Goncalves, Carlos Manuel Marques"]
[Black "Morais, Vitor Mestre"]
[Result "0-1"]
[WhiteElo "1473"]
[BlackElo "1736"]
[PlyCount "98"]

{[%evp 0,98,22,22,26,-5,17,23,9,-1,13,17,38,13,29,22,39,21,20,8,66,66,88,90,88,77,194,116,119,72,66,-29,143,-109,-134,-122,-124,-203,-197,-218,-200,-203,-203,-351,-370,-398,-380,-390,-304,-301,-287,-292,-248,-314,-300,-321,-333,-883,-903,-966,-564,-636,-462,-578,-511,-504,-505,-645,-645,-665,-673,-698,-652,-649,-804,-810,-677,-688,-690,-738,-847,-847,-695,-982,-764,-29989,-1386,-1386,-505,-601,-926,-29991,-1095,-1203,-1217,-29985,-29986,-29987,-29988,-29993,-29994]} 1. Nf3 {[%emt 0:05:32]} Nf6 {[%emt 0:00:06]} 2. g3 {[%emt 0:00:01]} g6 {[%emt 0:00:01]} 3. Bg2 Bg7 {[%emt 0:00:02]} 4. O-O {[%emt 0:00:03]} O-O {[%emt 0:00:02]} 5. c4 {[%emt 0:00:02]} d6 {[%emt 0:00:03]} 6. d4 {[%emt 0:00:02]} c6 {[%emt 0:00:17]} 7. Nc3 {[%emt 0:00:02]} Nbd7 {[%emt 0:00:15]} 8. e4 {[%emt 0:00:51]} e5 {[%emt 0:00:27]} 9. d5 {[%emt 0:00:36]} c5 {[%emt 0:00:13]} 10. b3 {[%emt 0:01:11]} Ne8 {[%emt 0:00:14]} 11. Bg5 {[%emt 0:00:53]} f6 {[%emt 0:00:04]} 12. Be3 {[%emt 0:00:02]} h6 {[%emt 0:00:35]} 13. Qc1 {[%emt 0:00:03]} Kh7 {[%emt 0:00:01]} 14. Nd2 {[%emt 0:00:30]} f5 {[%emt 0:00:07]} 15. f4 {[%emt 0:00:13]} Ndf6 {[%emt 0:00:11]} 16. Qc2 {[%emt 0:00:29]} Ng4 {[%emt 0:00:05]} 17. Bf2 {[%emt 0:01:59]} exf4 {[%emt 0:00:09]} 18. exf5 {[%emt 0:01:01]} Bxf5 {[%emt 0:00:07]} 19. Be4 {[%emt 0:00:02]} Nxf2 {[%emt 0:00:05]} 20. Bxf5 {[%emt 0:00:11]} Rxf5 {[%emt 0:00:04]} 21. Rxf2 {[%emt 0:00:18]} Bd4 {[%emt 0:00:02]} 22. Raf1 {[%emt 0:00:27]} fxg3 {[%emt 0:00:04]} 23. hxg3 {[%emt 0:00:05]} Rxf2 {[%emt 0:00:21]} 24. Rxf2 {[%emt 0:00:02]} Bxf2+ {[%emt 0:00:08]} 25. Kxf2 {[%emt 0:00:02]} Ng7 {[%emt 0:00:26]} 26. Nde4 {[%emt 0:00:07]} Nf5 {[%emt 0:00:03]} 27. Nb5 {[%emt 0:00:25]} a6 {[%emt 0:00:06]} 28. g4 {[%emt 0:00:20]} Qh4+ {[%emt 0:00:05]} 29. Ke2 {[%emt 0:02:13]} axb5 {[%emt 0:00:04]} 30. gxf5 {[%emt 0:00:04]} gxf5 {[%emt 0:00:19]} 31. Nf2 {[%emt 0:00:22]} Re8+ {[%emt 0:00:19]} 32. Kf1 {[%emt 0:00:10]} Re5 {[%emt 0:00:54]} 33. Kg2 {[%emt 0:00:38]} bxc4 {[%emt 0:00:21]} 34. bxc4 {[%emt 0:00:05]} Qg5+ {[%emt 0:00:31]} 35. Kf1 {[%emt 0:00:25]} Qe3 {[%emt 0:00:33]} 36. Qb1 {[%emt 0:00:48]} Qe2+ {[%emt 0:00:23]} 37. Kg2 {[%emt 0:00:03]} Qxc4 {[%emt 0:00:09]} 38. Qxb7+ {[%emt 0:00:02]} Kg6 {[%emt 0:00:02]} 39. Qb8 {[%emt 0:00:27]} Qxd5+ {[%emt 0:00:06]} 40. Kf1 {[%emt 0:00:07]} Qe6 {[%emt 0:02:30]} 41. a4 {[%emt 0:00:17]} f4 {[%emt 0:00:11]} 42. a5 {[%emt 0:00:11]} f3 {[%emt 0:00:19]} 43. Qb1+ {[%emt 0:00:03]} Kg7 {[%emt 0:01:03]} 44. a6 {[%emt 0:00:20]} Qc4+ {[%emt 0:00:06]} 45. Kg1 {[%emt 0:00:23]} Qxa6 {[%emt 0:00:03]} 46. Qb2 {[%emt 0:00:22]} Qe2 {[%emt 0:00:27]} 47. Qb7+ {[%emt 0:00:55]} Kg6 {[%emt 0:00:43]} 48. Qb1+ {[%emt 0:00:12]} Kh5 {[%emt 0:00:20]} 49. Qf1 {[%emt 0:01:05]} Rg5+ {[%emt 0:00:15]} 0-1

[Event "GX Alekhine Open de Verão semi-rápidas 2023"]
[Site "Lisboa, Portugal"]
[Date "????.??.??"]
[Round "5.3"]
[White "Rodrigues, Miguel Tiago Melfe"]
[Black "Rodrigues, Ricardo Esteves"]
[Result "1-0"]
[WhiteElo "1416"]
[BlackElo "1539"]
[PlyCount "89"]

{[%evp 0,89,22,22,18,25,62,47,39,44,44,40,25,30,26,10,61,68,55,33,47,34,103,79,68,50,86,33,34,33,79,73,74,77,68,50,70,56,92,82,81,82,80,67,93,81,142,92,97,48,49,56,42,36,45,12,11,0,23,13,1,-48,-31,-31,-26,-66,0,-59,-45,-83,0,0,0,0,41,74,81,122,119,82,234,56,362,142,222,168,29993,29994,29995,475,29995,29996]} 1. d4 {[%emt 0:05:57]} d5 {[%emt 0:00:09]} 2. Bf4 {[%emt 0:00:07]} c5 {[%emt 0:00:06]} 3. e3 {[%emt 0:00:06]} cxd4 {[%emt 0:00:04]} 4. exd4 {[%emt 0:00:03]} Nc6 {[%emt 0:00:03]} 5. Nf3 {[%emt 0:00:04]} Bg4 {[%emt 0:00:13]} 6. c3 {[%emt 0:00:50]} e6 {[%emt 0:00:15]} 7. Qb3 {[%emt 0:00:10]} Qb6 {[%emt 0:01:51]} 8. Nbd2 {[%emt 0:00:19]} Nf6 {[%emt 0:00:56]} 9. Bd3 {[%emt 0:00:44]} Qxb3 {[%emt 0:04:23]} 10. axb3 {[%emt 0:00:03]} Kd7 {[%emt 0:02:16]} 11. Bb5 {[%emt 0:00:26]} Bd6 {[%emt 0:01:29]} 12. Ne5+ {[%emt 0:00:46]} Bxe5 {[%emt 0:00:20]} 13. Bxe5 {[%emt 0:00:12]} a6 {[%emt 0:00:23]} 14. Bxc6+ {[%emt 0:00:18]} bxc6 {[%emt 0:00:57]} 15. f3 {[%emt 0:00:10]} Bf5 {[%emt 0:00:18]} 16. Ke2 {[%emt 0:01:06]} Ke7 {[%emt 0:00:24]} 17. b4 {[%emt 0:00:11]} Nd7 {[%emt 0:00:19]} 18. Bg3 {[%emt 0:00:36]} Nb6 {[%emt 0:01:24]} 19. Ra5 {[%emt 0:00:36]} Ra7 {[%emt 0:01:49]} 20. Rha1 {[%emt 0:00:29]} Rha8 {[%emt 0:00:04]} 21. b3 {[%emt 0:00:46]} Kd7 {[%emt 0:01:53]} 22. c4 {[%emt 0:00:28]} Kc8 {[%emt 0:01:30]} 23. b5 {[%emt 0:00:43]} cxb5 {[%emt 0:02:18]} 24. cxb5 {[%emt 0:00:30]} Kb7 {[%emt 0:00:16]} 25. Rc1 {[%emt 0:05:38]} Rc8 {[%emt 0:00:20]} 26. bxa6+ {[%emt 0:00:26]} Rxa6 {[%emt 0:00:06]} 27. Rxc8 {[%emt 0:00:29]} Nxc8 {[%emt 0:00:28]} 28. Rc5 {[%emt 0:00:47]} Rc6 {[%emt 0:00:06]} 29. b4 {[%emt 0:00:48]} Bc2 {[%emt 0:02:13]} 30. b5 {[%emt 0:02:26]} Rxc5 {[%emt 0:00:13]} 31. dxc5 {[%emt 0:00:02]} f6 {[%emt 0:01:12]} 32. Nf1 {[%emt 0:01:00]} d4 {[%emt 0:00:38]} 33. Bf2 {[%emt 0:01:10]} e5 {[%emt 0:00:15]} 34. Nd2 {[%emt 0:00:02]} Na7 {[%emt 0:00:31]} 35. b6 {[%emt 0:01:00]} Nb5 {[%emt 0:00:32]} 36. Nc4 {[%emt 0:00:33]} Kc6 {[%emt 0:00:56]} 37. Na5+ {[%emt 0:00:03]} Kd7 {[%emt 0:00:16]} 38. c6+ {[%emt 0:00:11]} Kc8 {[%emt 0:00:06]} 39. Be1 {[%emt 0:00:45]} Ba4 {[%emt 0:00:08]} 40. Kd3 {[%emt 0:00:42]} Kb8 {[%emt 0:00:19]} 41. Kc4 {[%emt 0:00:03]} Nd6+ {[%emt 0:00:02]} 42. Kd5 {[%emt 0:00:42]} Nc8 {[%emt 0:00:17]} 43. c7+ {[%emt 0:00:25]} Ka8 {[%emt 0:00:19]} 44. Kc5 {[%emt 0:01:37]} Bd7 {[%emt 0:00:13]} 45. b7+ {[%emt 0:00:12]} 1-0

[Event "GX Alekhine Open de Verão semi-rápidas 2023"]
[Site "Lisboa, Portugal"]
[Date "????.??.??"]
[Round "5.1"]
[White "Zhang, Xin An"]
[Black "Vedor, Bernardo Marques"]
[Result "0-1"]
[WhiteElo "1626"]
[BlackElo "1513"]
[PlyCount "66"]

{[%evp 0,66,22,22,22,22,26,22,22,22,27,13,13,19,12,-2,5,-14,7,12,0,3,13,2,-1,-13,-8,-24,-26,-19,-6,-58,-53,-51,-51,-68,-48,-56,-56,-98,-85,-79,-8,-8,40,-86,-40,-90,54,29,52,5,0,0,0,-131,0,-197,-215,-809,-809,-868,-809,-891,-891,-891,-949,-958,-966]} 1. d4 {[%emt 0:03:43]} d5 {[%emt 0:00:04]} 2. Nf3 {[%emt 0:00:01]} Nf6 {[%emt 0:00:03]} 3. Bf4 {[%emt 0:00:01]} e6 {[%emt 0:00:08]} 4. e3 {[%emt 0:00:02]} Bd6 {[%emt 0:00:05]} 5. Bg3 {[%emt 0:00:02]} O-O {[%emt 0:00:21]} 6. Nbd2 {[%emt 0:00:11]} b6 {[%emt 0:00:06]} 7. c3 {[%emt 0:00:06]} c5 {[%emt 0:00:07]} 8. Bd3 {[%emt 0:00:02]} Ba6 {[%emt 0:00:07]} 9. Bxa6 {[%emt 0:00:44]} Nxa6 {[%emt 0:00:03]} 10. Qe2 {[%emt 0:00:15]} Nb8 {[%emt 0:00:43]} 11. Ne5 {[%emt 0:00:06]} Qc7 {[%emt 0:00:18]} 12. f4 {[%emt 0:00:07]} Nc6 {[%emt 0:00:22]} 13. h3 {[%emt 0:00:27]} Ne7 {[%emt 0:02:22]} 14. O-O {[%emt 0:00:30]} Nf5 {[%emt 0:00:24]} 15. Bh2 {[%emt 0:00:37]} Be7 {[%emt 0:00:17]} 16. g4 {[%emt 0:01:41]} Nd6 {[%emt 0:00:10]} 17. Kh1 {[%emt 0:01:51]} Nfe4 {[%emt 0:00:27]} 18. Nxe4 {[%emt 0:03:17]} Nxe4 {[%emt 0:00:08]} 19. g5 {[%emt 0:01:04]} Rab8 {[%emt 0:02:23]} 20. h4 {[%emt 0:02:54]} b5 {[%emt 0:00:23]} 21. f5 {[%emt 0:00:34]} Bd6 {[%emt 0:01:25]} 22. f6 {[%emt 0:01:16]} g6 {[%emt 0:01:01]} 23. Qg4 {[%emt 0:01:43]} b4 {[%emt 0:01:44]} 24. h5 {[%emt 0:01:35]} bxc3 {[%emt 0:01:07]} 25. hxg6 {[%emt 0:00:55]} Rxb2 {[%emt 0:02:19]} 26. gxf7+ {[%emt 0:01:43]} Rxf7 {[%emt 0:04:42]} 27. Qxe6 {[%emt 0:03:19]} Bxe5 {[%emt 0:03:47]} 28. Qe8+ {[%emt 0:01:17]} Rf8 {[%emt 0:00:05]} 29. f7+ {[%emt 0:00:16]} Qxf7 {[%emt 0:00:10]} 30. Qxf8+ {[%emt 0:02:12]} Qxf8 {[%emt 0:00:11]} 31. Rxf8+ {[%emt 0:00:01]} Kxf8 {[%emt 0:00:02]} 32. Bxe5 {[%emt 0:00:32]} c2 {[%emt 0:01:36]} 33. Rf1+ {[%emt 0:00:42]} Ke8 {[%emt 0:00:04]} 0-1

[Event "GX Alekhine Open de Verão semi-rápidas 2023"]
[Site "Lisboa, Portugal"]
[Date "????.??.??"]
[Round "5.2"]
[White "Morais, Vitor Mestre"]
[Black "Bravo, Ricardo Antonio Rodrigues Guerreiro Piçarra"]
[Result "1-0"]
[WhiteElo "1736"]
[BlackElo "1404"]
[PlyCount "51"]

{[%evp 0,51,22,-16,-4,-17,22,-24,-16,-16,-27,-25,-2,-35,-33,-27,-15,-15,5,11,17,-7,32,16,23,23,88,-9,87,92,83,93,182,165,205,179,277,211,253,222,234,220,342,353,400,201,362,237,519,612,1034,1215,1115,1115]} 1. c4 Nf6 {[%emt 0:00:10]} 2. Nc3 {[%emt 0:00:01]} e6 {[%emt 0:00:36]} 3. g3 {[%emt 0:00:03]} d5 {[%emt 0:00:07]} 4. cxd5 {[%emt 0:00:02]} exd5 {[%emt 0:00:03]} 5. Bg2 {[%emt 0:00:01]} Be7 {[%emt 0:00:59]} 6. e3 {[%emt 0:00:01]} O-O {[%emt 0:01:03]} 7. Nge2 c6 {[%emt 0:00:20]} 8. O-O {[%emt 0:00:02]} Nbd7 {[%emt 0:00:46]} 9. d4 {[%emt 0:00:01]} Re8 {[%emt 0:00:35]} 10. b3 {[%emt 0:00:03]} Qc7 {[%emt 0:01:07]} 11. Bb2 {[%emt 0:00:01]} Bd6 {[%emt 0:00:27]} 12. Rc1 {[%emt 0:00:02]} a6 {[%emt 0:00:29]} 13. a4 {[%emt 0:00:18]} Nf8 {[%emt 0:01:21]} 14. Nxd5 {[%emt 0:00:09]} Nxd5 {[%emt 0:01:04]} 15. Bxd5 {[%emt 0:00:01]} Qd7 {[%emt 0:00:03]} 16. Bg2 {[%emt 0:00:05]} Qf5 {[%emt 0:01:18]} 17. Nc3 {[%emt 0:00:30]} Re6 {[%emt 0:01:59]} 18. e4 {[%emt 0:00:35]} Qg5 {[%emt 0:00:06]} 19. f4 {[%emt 0:00:24]} Qh6 {[%emt 0:00:31]} 20. Rc2 {[%emt 0:00:44]} Bd7 {[%emt 0:02:29]} 21. e5 {[%emt 0:00:14]} Bc7 {[%emt 0:00:27]} 22. Ne4 {[%emt 0:00:02]} b6 {[%emt 0:01:24]} 23. Rcf2 {[%emt 0:00:35]} Re7 {[%emt 0:01:32]} 24. f5 {[%emt 0:00:17]} g6 {[%emt 0:02:54]} 25. Bc1 {[%emt 0:00:05]} Qg7 {[%emt 0:00:02]} 26. f6 {[%emt 0:00:03]} 1-0

[Event "GX Alekhine Open de Verão semi-rápidas 2023"]
[Site "Lisboa, Portugal"]
[Date "????.??.??"]
[Round "5.4"]
[White "Joaquim, Fernando Manuel Oliveira"]
[Black "Curado, Manuel Joao Ferro"]
[Result "1/2-1/2"]
[WhiteElo "1394"]
[BlackElo "1880"]
[PlyCount "59"]

{[%evp 0,59,22,22,26,26,22,6,-5,10,21,21,24,28,40,39,46,46,40,35,28,30,37,25,50,39,53,19,24,2,22,3,10,4,23,28,50,45,61,63,61,51,51,66,61,47,83,78,75,49,58,30,65,62,83,71,105,97,134,133,164,127]} 1. Nf3 {[%emt 0:15:19]} Nf6 2. d4 {[%emt 0:00:05]} d5 {[%emt 0:00:07]} 3. c4 {[%emt 0:00:04]} e6 {[%emt 0:00:31]} 4. Bg5 {[%emt 0:00:09]} Be7 {[%emt 0:00:06]} 5. Nc3 {[%emt 0:00:04]} O-O {[%emt 0:00:16]} 6. e3 {[%emt 0:00:05]} c6 {[%emt 0:00:54]} 7. cxd5 exd5 {[%emt 0:00:17]} 8. Bd3 {[%emt 0:00:07]} Nbd7 {[%emt 0:01:08]} 9. O-O {[%emt 0:00:41]} h6 {[%emt 0:00:18]} 10. Bh4 {[%emt 0:00:08]} Re8 {[%emt 0:00:35]} 11. Qc2 {[%emt 0:00:27]} Nf8 {[%emt 0:02:50]} 12. a3 {[%emt 0:00:31]} a5 {[%emt 0:03:30]} 13. Rad1 {[%emt 0:00:37]} Bg4 {[%emt 0:03:21]} 14. Be2 {[%emt 0:00:27]} Rc8 {[%emt 0:02:11]} 15. Ne5 {[%emt 0:02:30]} Bxe2 {[%emt 0:00:41]} 16. Qxe2 {[%emt 0:00:17]} Ne4 {[%emt 0:03:37]} 17. Nxe4 {[%emt 0:05:34]} dxe4 {[%emt 0:00:26]} 18. Bg3 {[%emt 0:00:46]} Bd6 {[%emt 0:03:07]} 19. Qc4 {[%emt 0:04:01]} Ne6 {[%emt 0:01:36]} 20. d5 {[%emt 0:03:52]} cxd5 {[%emt 0:00:46]} 21. Qxd5 {[%emt 0:00:09]} Bxe5 {[%emt 0:00:27]} 22. Qxe5 {[%emt 0:00:34]} Qg5 {[%emt 0:01:53]} 23. Qxe4 {[%emt 0:01:29]} Qb5 {[%emt 0:00:55]} 24. Qe5 {[%emt 0:01:43]} Rc5 {[%emt 0:00:15]} 25. Qd6 {[%emt 0:01:50]} Rd8 {[%emt 0:00:42]} 26. Qe7 {[%emt 0:00:46]} Rxd1 {[%emt 0:00:02]} 27. Rxd1 {[%emt 0:00:03]} Qxb2 {[%emt 0:00:06]} 28. h3 {[%emt 0:00:35]} Qc2 {[%emt 0:00:41]} 29. Rd7 {[%emt 0:00:43]} Rf5 {[%emt 0:00:19]} 30. Qe8+ {[%emt 0:00:38]} 1/2-1/2

[Event "GX Alekhine Open de Verão semi-rápidas 2023"]
[Site "Lisboa, Portugal"]
[Date "????.??.??"]
[Round "6.4"]
[White "Curado, Manuel Joao Ferro"]
[Black "Marques, Miguel Alexandre Gomes"]
[Result "1-0"]
[WhiteElo "1880"]
[BlackElo "1496"]
[PlyCount "59"]

{[%evp 0,59,22,-60,-59,-67,-12,-24,-24,-29,17,-9,8,5,-2,-18,-26,-13,21,42,42,38,110,0,35,35,13,20,15,22,49,48,65,42,211,215,215,216,216,228,247,254,261,223,264,284,278,291,283,290,283,283,370,369,417,462,599,427,563,721,1197,1197]} 1. b4 e5 {[%emt 0:01:15]} 2. Bb2 {[%emt 0:00:03]} d6 {[%emt 0:00:27]} 3. e3 {[%emt 0:00:04]} Nf6 {[%emt 0:00:19]} 4. Nf3 {[%emt 0:00:03]} Bg4 {[%emt 0:00:17]} 5. Be2 {[%emt 0:00:02]} a6 {[%emt 0:00:17]} 6. c4 {[%emt 0:00:27]} Nc6 {[%emt 0:01:34]} 7. a3 {[%emt 0:00:05]} e4 {[%emt 0:00:55]} 8. Nd4 {[%emt 0:00:57]} Nxd4 {[%emt 0:00:21]} 9. Bxd4 {[%emt 0:01:00]} Bxe2 {[%emt 0:00:29]} 10. Qxe2 {[%emt 0:00:08]} c5 {[%emt 0:00:27]} 11. Bb2 {[%emt 0:02:38]} cxb4 {[%emt 0:01:54]} 12. axb4 {[%emt 0:00:27]} Be7 {[%emt 0:01:01]} 13. O-O {[%emt 0:00:09]} O-O {[%emt 0:00:35]} 14. f3 {[%emt 0:00:35]} exf3 {[%emt 0:01:36]} 15. Qxf3 {[%emt 0:02:02]} Qb6 {[%emt 0:00:35]} 16. Qg3 {[%emt 0:01:36]} Qxb4 {[%emt 0:02:13]} 17. Bc3 {[%emt 0:00:54]} Qxc4 {[%emt 0:03:24]} 18. Bxf6 {[%emt 0:01:02]} Bxf6 {[%emt 0:00:09]} 19. Rxf6 {[%emt 0:00:16]} Qc1+ {[%emt 0:00:21]} 20. Rf1 {[%emt 0:00:07]} Qb2 {[%emt 0:00:28]} 21. Ra4 {[%emt 0:02:10]} Rac8 {[%emt 0:01:29]} 22. Rd4 {[%emt 0:00:21]} Rc1 {[%emt 0:01:14]} 23. Nc3 {[%emt 0:00:19]} Qa1 {[%emt 0:01:53]} 24. Rxc1 {[%emt 0:03:30]} Qxc1+ {[%emt 0:00:04]} 25. Kf2 {[%emt 0:00:04]} b5 {[%emt 0:01:15]} 26. Qxd6 {[%emt 0:00:27]} Qc2 {[%emt 0:02:41]} 27. Nd5 {[%emt 0:03:13]} h6 {[%emt 0:00:49]} 28. Ke2 {[%emt 0:03:15]} a5 {[%emt 0:00:48]} 29. Rg4 {[%emt 0:00:30]} Qb2 {[%emt 0:00:54]} 30. Nf6+ {[%emt 0:00:27]} 1-0